000 01222nam0a2200325 4500
001 RU\NLR\BIBL_A\022504287
005 20260420042006.0
010 _a978-5-04-206543-9
_94000
021 _aRU
_bКН-П-25-004104
_9КН-П-25-0397
035 _a(NLR Aleph) 022504287
090 _a13671276
_c13671276
100 _a20250327d2024 u y0rusy50 ca
101 1 _arus
_ceng
102 _aRU
105 _ay z 000ay
181 0 _ai
_baxxe
182 0 _an
200 1 _aОдиннАДцатый цикл
_e[фэнтези]
_fКиан Ардалан
_gперевод с английского Михаила Вострякова
_gиллюстрации NinoIs
203 _aТекст
_bвизуальный
_cнепосредственный
210 _aМосква
_cЭксмо, Fanzon
_d2024
215 _a701 с.
_d22
333 _a16+
686 1 _aШ6(4А)67-445{Лх1349-45}
700 1 _7ca
_8rus
_aАрдалан
_bК. Н.
_gКиан Н.
_92673242
_3RU\NLR\AUTH\770283081
702 0 _4440
_7ba
_8und
_aNinoIs
_cпсевдоним
_92672131
_3RU\NLR\AUTH\770282691
942 _cBOOK
980 _aNB